| 000 | 00363nam a2200133Ia 4500 | ||
|---|---|---|---|
| 008 | 240624s9999 xx 000 0 und d | ||
| 041 | _aeng | ||
| 082 | _a658.408 ARA | ||
| 100 | _aARAS GULER | ||
| 245 | _aHANDBOOK OF CORPORATE GOVERNANCE AND SOC | ||
| 260 |
_c2013 _aEngland _bGower Publishing Limited |
||
| 300 | _axxvi, : 689 : p. : cm. ; 25 | ||
| 365 |
_cRS _b25 |
||
| 999 |
_c23472 _d23472 |
||